[Event "CYCC U08 w"]
[Site "Sault Ste-Marie CAN"]
[Date "2017.07.09"]
[Round "6"]
[White "Gao, Lucy"]
[Black "Ran, Alice"]
[Result "1-0"]
[WhiteElo "1167"]
[BlackElo "690"]
[WhiteFideId "-1"]
[WhiteFideId "-1"]
[PlyCount "111"]
[GameId "2160767908344496"]
[EventDate "2017.07.06"]
[EventType "swiss"]
[EventRounds "9"]
[EventCountry "CAN"]
[SourceTitle "EXT 2022"]
[Source "ChessBase"]
[SourceDate "2021.10.06"]
[SourceVersion "1"]
[SourceVersionDate "2021.10.06"]
[SourceQuality "1"]

1. e4 e5 2. Nf3 Nc6 3. Bc4 Bc5 4. c3 d6 5. d3 Bb6 6. O-O a6 7. Nbd2 Nf6 8. Re1 O-O 9. Nf1 Be6 10. Bxe6 fxe6 11. Qb3 d5 12. exd5 exd5 13. Nxe5 Nxe5 14. Rxe5 Qd6 15. Bf4 Qc5 16. d4 Qd6 17. Ne3 Ne4 18. Rxd5 Qg6 19. Rg5+ Qf7 20. Qxf7+ Rxf7 21. Rf5 Rxf5 22. Nxf5 Rf8 23. Ne7+ Kh8 24. Nd5 g5 25. Be5+ Kg8 26. f3 Nd2 27. Bxc7 Bxc7 28. Nxc7 Rc8 29. Ne6 h6 30. Nc5 Rc7 31. Kf2 Nc4 32. b4 Nd6 33. Rc1 Rc6 34. a4 b5 35. d5 Rb6 36. a5 Rb8 37. Nxa6 Rc8 38. Nc5 Rc7 39. Re1 Kf7 40. Re6 Ne8 41. Rxh6 g4 42. Rh7+ Kg6 43. Rxc7 Nxc7 44. d6 Ne8 45. d7 Nc7 46. d8=Q gxf3 47. Qxc7 fxg2 48. Qc6+ Kf5 49. Qe6+ Kf4 50. Nd3+ Kg5 51. Kxg2 Kh5 52. Qg8 Kh6 53. Kf3 Kh5 54. Kf4 Kh6 55. Kf5 Kh5 56. Qg5# 1-0

[Event "CYCC U08 w"]
[Site "Sault Ste-Marie CAN"]
[Date "2017.07.09"]
[Round "6"]
[White "Jin, Helena"]
[Black "Li, Daniella"]
[Result "1-0"]
[WhiteElo "790"]
[BlackElo "648"]
[WhiteFideId "-1"]
[WhiteFideId "-1"]
[PlyCount "69"]
[GameId "2160767908344498"]
[EventDate "2017.07.06"]
[EventType "swiss"]
[EventRounds "9"]
[EventCountry "CAN"]
[SourceTitle "EXT 2022"]
[Source "ChessBase"]
[SourceDate "2021.10.06"]
[SourceVersion "1"]
[SourceVersionDate "2021.10.06"]
[SourceQuality "1"]

1. e4 e5 2. Nf3 Nc6 3. Nc3 Nf6 4. Bb5 a6 5. Bxc6 bxc6 6. Nxe5 Bc5 7. Nf3 O-O 8. O-O d6 9. d4 Bb4 10. Re1 Bxc3 11. bxc3 Re8 12. Bg5 h6 13. Bxf6 Qxf6 14. e5 dxe5 15. dxe5 Qg6 16. Qd3 Bh3 17. Qxg6 fxg6 18. gxh3 Rad8 19. Rad1 Rc8 20. e6 Re7 21. Rd7 Ree8 22. Rd6 Re7 23. Rxc6 Rf8 24. Kg2 a5 25. Ne5 Rfe8 26. Nf7 Rxf7 27. exf7+ Kxf7 28. Rxe8 Kxe8 29. Rxc7 Kd8 30. Rxg7 Kc8 31. f4 Kd8 32. f5 h5 33. f6 h4 34. f7 Kc8 35. f8=R# 1-0

[Event "CYCC U08 w"]
[Site "Sault Ste-Marie CAN"]
[Date "2017.07.10"]
[Round "7"]
[White "Gao, Lucy"]
[Black "Liao, Jocelyn"]
[Result "1-0"]
[WhiteElo "1167"]
[BlackElo "402"]
[WhiteFideId "-1"]
[WhiteFideId "-1"]
[PlyCount "59"]
[GameId "2160767908344499"]
[EventDate "2017.07.06"]
[EventType "swiss"]
[EventRounds "9"]
[EventCountry "CAN"]
[SourceTitle "EXT 2022"]
[Source "ChessBase"]
[SourceDate "2021.10.06"]
[SourceVersion "1"]
[SourceVersionDate "2021.10.06"]
[SourceQuality "1"]

1. e4 e5 2. Nf3 Nc6 3. Bc4 Nf6 4. d3 Bb4+ 5. c3 Ba5 6. O-O O-O 7. Re1 d6 8. Nbd2 Bg4 9. Nf1 a6 10. a4 Qc8 11. Ng3 d5 12. exd5 Nxd5 13. Bxd5 Ne7 14. Bc4 b6 15. b4 Bxb4 16. cxb4 Nc6 17. h3 Bh5 18. Nxh5 Re8 19. Bd5 Qb7 20. Nxe5 Red8 21. Bxc6 Qb8 22. Bxa8 Qxa8 23. Qe2 g6 24. Ng3 c6 25. Bb2 Re8 26. Qf3 Re7 27. Nxc6 Rc7 28. Ne7+ Kf8 29. Qxa8+ Rc8 30. Qxc8# 1-0

[Event "CYCC U08 w"]
[Site "Sault Ste-Marie CAN"]
[Date "2017.07.10"]
[Round "7"]
[White "Ma, Lily"]
[Black "Ran, Alice"]
[Result "1-0"]
[WhiteElo "820"]
[BlackElo "690"]
[WhiteFideId "-1"]
[WhiteFideId "-1"]
[PlyCount "62"]
[GameId "2160767908344500"]
[EventDate "2017.07.06"]
[EventType "swiss"]
[EventRounds "9"]
[EventCountry "CAN"]
[SourceTitle "hb 2017"]

1. d4 d5 2. c4 e6 3. c5 Nf6 4. Nc3 c6 5. Bg5 b6 6. Bxf6 Qxf6 7. b4 bxc5 8. bxc5 Bxc5 9. e3 Bb4 10. Qb3 c5 11. Nf3 O-O 12. Rc1 Nc6 13. Qd1 c4 14. g3 e5 15. Bg2 e4 16. Nd2 Bxc3 17. Rxc3 Be6 18. O-O Rab8 19. Re1 Qg6 20. Nf1 Bg4 21. f3 Be6 22. Rc1 Rb2 23. a4 Qh6 24. Rb1 Ra2 25. f4 Bh3 26. Bxh3 Qxh3 27. Re2 Ra3 28. Reb2 c3 29. Rb7 Ra2 30. Nd2 Rxd2 31. Qf1 Qxh2# 1-0

[Event "CYCC U08 w"]
[Site "Sault Ste-Marie CAN"]
[Date "2017.07.10"]
[Round "7"]
[White "Zhuang, Winnie"]
[Black "Chen, Alina Yuexi"]
[Result "1-0"]
[WhiteElo "1082"]
[BlackElo "670"]
[WhiteFideId "-1"]
[WhiteFideId "-1"]
[PlyCount "55"]
[GameId "2160767908344502"]
[EventDate "2017.07.06"]
[EventType "swiss"]
[EventRounds "9"]
[EventCountry "CAN"]
[SourceTitle "EXT 2022"]
[Source "ChessBase"]
[SourceDate "2021.10.06"]
[SourceVersion "1"]
[SourceVersionDate "2021.10.06"]
[SourceQuality "1"]

1. e4 e5 2. Nf3 Nc6 3. Bb5 Bc5 4. Nc3 Nf6 5. d3 h6 6. Be3 Bb6 7. Bxc6 dxc6 8. Nxe5 O-O 9. O-O Re8 10. d4 c5 11. dxc5 Qxd1 12. Raxd1 Rxe5 13. cxb6 Nxe4 14. Nxe4 Rxe4 15. bxa7 Rxa7 16. Bxa7 Re5 17. Rd8+ Kh7 18. Rxc8 c6 19. Rc7 Ra5 20. Rxb7 Rxa2 21. Rxf7 Rxb2 22. Bd4 Ra2 23. Rxg7+ Kh8 24. Ra7+ Kg8 25. Rxa2 c5 26. Ra7 Kf8 27. Rb1 cxd4 28. Rb8# 1-0

[Event "CYCC U10"]
[Site "Sault Ste Marie CAN"]
[Date "2017.07.06"]
[Round "1"]
[White "Borysenko, Andrii"]
[Black "Chen, Grant"]
[Result "1-0"]
[WhiteElo "1425"]
[BlackElo "817"]
[WhiteFideId "-1"]
[WhiteFideId "-1"]
[PlyCount "75"]
[GameId "2160767908344504"]
[EventDate "2017.07.06"]
[EventType "swiss"]
[EventRounds "7"]
[EventCountry "CAN"]
[SourceTitle "EXT 2022"]
[Source "ChessBase"]
[SourceDate "2021.10.06"]
[SourceVersion "1"]
[SourceVersionDate "2021.10.06"]
[SourceQuality "1"]

1. d4 d5 2. c4 e6 3. Nc3 c6 4. Nf3 Nf6 5. e3 Bb4 6. a3 Ba5 7. Bd2 O-O 8. Be2 h6 9. O-O Bc7 10. h3 Qd6 11. Na4 Nfd7 12. Bb4 c5 13. Nxc5 Nxc5 14. Bxc5 Qc6 15. Bxf8 Kxf8 16. cxd5 Qxd5 17. Rc1 Na6 18. Bxa6 Bd6 19. Bc4 Qf5 20. Bd3 Qf6 21. Qe2 b6 22. Ba6 Bd7 23. Rfd1 Kg8 24. e4 e5 25. dxe5 Bxe5 26. Nxe5 Qxe5 27. Rxd7 Qf4 28. Rdc7 Re8 29. Kh1 Rxe4 30. Rc8+ Kh7 31. Bd3 f5 32. Bxe4 fxe4 33. Qe3 Qf5 34. Re8 Qh5 35. Qxe4+ Qg6 36. Rh8+ Kxh8 37. Qxg6 a6 38. Rc8# 1-0

[Event "CYCC U10"]
[Site "Sault Ste Marie CAN"]
[Date "2017.07.06"]
[Round "1"]
[White "Boucher, Samuel"]
[Black "Zhu, Matthew"]
[Result "0-1"]
[WhiteElo "616"]
[BlackElo "1318"]
[WhiteFideId "-1"]
[WhiteFideId "-1"]
[PlyCount "64"]
[GameId "2160767908344505"]
[EventDate "2017.07.06"]
[EventType "swiss"]
[EventRounds "7"]
[EventCountry "CAN"]
[SourceTitle "EXT 2022"]
[Source "ChessBase"]
[SourceDate "2021.10.06"]
[SourceVersion "1"]
[SourceVersionDate "2021.10.06"]
[SourceQuality "1"]

1. e4 c5 2. Nc3 Nc6 3. Nf3 d6 4. Bb5 Bd7 5. O-O Nf6 6. Re1 e6 7. d4 cxd4 8. Bg5 dxc3 9. bxc3 a6 10. Ba4 h6 11. Bh4 Rc8 12. Rc1 b5 13. Bb3 a5 14. Re2 a4 15. Bxa4 bxa4 16. e5 dxe5 17. Nxe5 Nxe5 18. Rxe5 Rxc3 19. Qd2 Bb4 20. Rce1 Rc4 21. Rd1 Bxd2 22. Rxd2 Qb8 23. Re1 Ng4 24. g3 g5 25. Red1 Rc7 26. f3 Qb6+ 27. Kg2 Ne3+ 28. Kh3 Nxd1 29. Rxd1 gxh4 30. gxh4 Rg8 31. Rd3 e5+ 32. Rxd7 Qe6# 0-1

[Event "CYCC U10"]
[Site "Sault Ste Marie CAN"]
[Date "2017.07.06"]
[Round "1"]
[White "Chen, Derek1"]
[Black "Milardovic, Ivan"]
[Result "1-0"]
[WhiteElo "1336"]
[BlackElo "639"]
[WhiteFideId "-1"]
[WhiteFideId "-1"]
[PlyCount "37"]
[GameId "2160767908344507"]
[EventDate "2017.07.06"]
[EventType "swiss"]
[EventRounds "7"]
[EventCountry "CAN"]
[SourceTitle "EXT 2022"]
[Source "ChessBase"]
[SourceDate "2021.10.06"]
[SourceVersion "1"]
[SourceVersionDate "2021.10.06"]
[SourceQuality "1"]

1. e4 d5 2. exd5 Qxd5 3. Nc3 Qd8 4. d4 e6 5. Nf3 c5 6. Bf4 cxd4 7. Nxd4 Bb4 8. Ndb5 Qf6 9. Nc7+ Ke7 10. Bd6+ Bxd6 11. N7d5+ exd5 12. Nxd5+ Ke6 13. Nxf6 gxf6 14. Qg4+ f5 15. Qg7 Be5 16. Bc4+ Kd6 17. O-O-O+ Kc5 18. Qxe5+ Kxc4 19. Rd4# 1-0

[Event "CYCC U10"]
[Site "Sault Ste Marie CAN"]
[Date "2017.07.06"]
[Round "1"]
[White "Chen, Max"]
[Black "Bitar, Cammeron"]
[Result "1-0"]
[WhiteElo "1974"]
[BlackElo "1063"]
[WhiteFideId "-1"]
[WhiteFideId "-1"]
[PlyCount "53"]
[GameId "2160767908344508"]
[EventDate "2017.07.06"]
[EventType "swiss"]
[EventRounds "7"]
[EventCountry "CAN"]
[SourceTitle "EXT 2022"]
[Source "ChessBase"]
[SourceDate "2021.10.06"]
[SourceVersion "1"]
[SourceVersionDate "2021.10.06"]
[SourceQuality "1"]

1. e4 e5 2. Nf3 Nc6 3. Bc4 Nd4 4. Nxd4 exd4 5. O-O Qe7 6. c3 c5 7. cxd4 cxd4 8. d3 Qe5 9. f4 Qd6 10. b3 Rb8 11. Ba3 Qc6 12. Bxf8 Kxf8 13. Qh5 g6 14. Qe5 b5 15. Bd5 d6 16. Qxh8 Qd7 17. f5 gxf5 18. Rxf5 Bb7 19. Rxf7+ Qxf7 20. Bxf7 Kxf7 21. Qxh7+ Kf8 22. Nd2 d5 23. Rf1+ Nf6 24. Rxf6+ Ke8 25. Qf7+ Kd8 26. Rd6+ Kc8 27. Qd7# 1-0

[Event "CYCC U10"]
[Site "Sault Ste Marie CAN"]
[Date "2017.07.06"]
[Round "1"]
[White "Gao, William"]
[Black "Li, Neal Nian"]
[Result "1-0"]
[WhiteElo "1313"]
[BlackElo "565"]
[WhiteFideId "-1"]
[WhiteFideId "-1"]
[PlyCount "67"]
[GameId "2160767908344509"]
[EventDate "2017.07.06"]
[EventType "swiss"]
[EventRounds "7"]
[EventCountry "CAN"]
[SourceTitle "EXT 2022"]
[Source "ChessBase"]
[SourceDate "2021.10.06"]
[SourceVersion "1"]
[SourceVersionDate "2021.10.06"]
[SourceQuality "1"]

1. e4 e5 2. Nf3 Nc6 3. Bb5 d6 4. d4 exd4 5. Nxd4 Bd7 6. Nxc6 bxc6 7. Bc4 Nf6 8. Nc3 Be7 9. O-O O-O 10. Re1 Bg4 11. Qd2 Qd7 12. h3 Be6 13. Bb3 d5 14. e5 d4 15. exf6 dxc3 16. Qxd7 Bxd7 17. fxe7 cxb2 18. Bxb2 Rfe8 19. Rad1 Bf5 20. Ba4 h6 21. Bxc6 Bxc2 22. Rd2 Rec8 23. Bxa8 Rxa8 24. e8=Q+ Rxe8 25. Rxe8+ Kh7 26. Rxc2 Kg6 27. Rxc7 Kh7 28. Rxf7 Kg6 29. Rxg7+ Kf5 30. Rf7+ Kg5 31. Rg8+ Kh5 32. Rf3 Kh4 33. Kh2 h5 34. g3# 1-0

[Event "CYCC U10"]
[Site "Sault Ste Marie CAN"]
[Date "2017.07.06"]
[Round "1"]
[White "Guipi Bopala, Prince Eric jr"]
[Black "Adrik de Leon, Raf"]
[Result "1-0"]
[WhiteElo "1814"]
[BlackElo "965"]
[WhiteFideId "-1"]
[WhiteFideId "-1"]
[PlyCount "73"]
[GameId "2160767908344510"]
[EventDate "2017.07.06"]
[EventType "swiss"]
[EventRounds "7"]
[EventCountry "CAN"]
[SourceTitle "EXT 2022"]
[Source "ChessBase"]
[SourceDate "2021.10.06"]
[SourceVersion "1"]
[SourceVersionDate "2021.10.06"]
[SourceQuality "1"]

1. d4 g6 2. Bf4 Bg7 3. e3 d6 4. Nf3 c5 5. c3 cxd4 6. exd4 Nc6 7. Be2 Bd7 8. O-O e6 9. Bxd6 Nge7 10. Bf4 O-O 11. Qd2 Nf5 12. Na3 Rc8 13. Bd3 Nce7 14. h3 Nd5 15. Bg5 f6 16. Bxf5 fxg5 17. Be4 Rf4 18. Rfe1 Bc6 19. g3 Rf8 20. Qxg5 Bf6 21. Qd2 Ne7 22. Bxc6 Rxc6 23. Ne5 Bxe5 24. Rxe5 Rf5 25. Rae1 Rc5 26. Rxe6 Rc7 27. Qe2 Kf7 28. g4 Rd5 29. Qf3+ Ke8 30. Nc4 Rc6 31. Rxe7+ Qxe7 32. Rxe7+ Kxe7 33. Qxd5 Kf6 34. Ne5 Re6 35. Qf3+ Kg5 36. Nf7+ Kh4 37. Qg3# 1-0

[Event "CYCC U10"]
[Site "Sault Ste Marie CAN"]
[Date "2017.07.06"]
[Round "1"]
[White "Hodgson, Trent"]
[Black "Xie, Austin"]
[Result "0-1"]
[WhiteElo "682"]
[BlackElo "1348"]
[WhiteFideId "-1"]
[WhiteFideId "-1"]
[PlyCount "90"]
[GameId "2160767908344511"]
[EventDate "2017.07.06"]
[EventType "swiss"]
[EventRounds "7"]
[EventCountry "CAN"]
[SourceTitle "EXT 2022"]
[Source "ChessBase"]
[SourceDate "2021.10.06"]
[SourceVersion "1"]
[SourceVersionDate "2021.10.06"]
[SourceQuality "1"]

1. e4 e6 2. d4 d5 3. exd5 exd5 4. Nc3 Nf6 5. Nf3 Bd6 6. Bd3 O-O 7. O-O Re8 8. h3 Be6 9. Ng5 h6 10. Nxe6 Rxe6 11. Nb5 Bf8 12. Bf4 Ne8 13. Re1 Rxe1+ 14. Qxe1 c6 15. Nc3 Nd7 16. Qe2 Qf6 17. Be5 Nxe5 18. dxe5 Qe6 19. Na4 Nc7 20. c4 Re8 21. Re1 Bb4 22. cxd5 Nxd5 23. Nc3 Nxc3 24. bxc3 Bxc3 25. Rc1 Qxe5 26. Qxe5 Bxe5 27. Re1 Bh2+ 28. Kf1 Rxe1+ 29. Kxe1 Be5 30. Ke2 Kf8 31. Ke3 Ke7 32. Bf5 Kd6 33. Bc8 b5 34. Bg4 c5 35. Be2 c4 36. Kd2 Kc5 37. a3 a5 38. Kc2 b4 39. axb4+ axb4 40. g3 b3+ 41. Kb1 c3 42. f4 c2+ 43. Kc1 Kb4 44. fxe5 Kc3 45. Bd1 b2# 0-1

[Event "CYCC U10"]
[Site "Sault Ste Marie CAN"]
[Date "2017.07.06"]
[Round "1"]
[White "Ning, Eric"]
[Black "Chen, Andrew2"]
[Result "1-0"]
[WhiteElo "1922"]
[BlackElo "1009"]
[WhiteFideId "-1"]
[WhiteFideId "-1"]
[PlyCount "101"]
[GameId "2160767908344514"]
[EventDate "2017.07.06"]
[EventType "swiss"]
[EventRounds "7"]
[EventCountry "CAN"]
[SourceTitle "EXT 2022"]
[Source "ChessBase"]
[SourceDate "2021.10.06"]
[SourceVersion "1"]
[SourceVersionDate "2021.10.06"]
[SourceQuality "1"]

1. d4 d5 2. c4 c6 3. e3 Nf6 4. Nf3 g6 5. Bd3 Bg7 6. b3 O-O 7. Bb2 e6 8. Nbd2 Nbd7 9. O-O Qc7 10. Ne5 Nxe5 11. dxe5 Nd7 12. f4 b6 13. Kh1 Nc5 14. Be2 a5 15. Bf3 Ba6 16. Qc2 Rad8 17. Rfd1 Rfe8 18. Rac1 Re7 19. Ba3 Red7 20. Bxc5 bxc5 21. cxd5 exd5 22. Qxc5 Bb7 23. Nf1 Ba8 24. Bxd5 Rxd5 25. Rxd5 Rxd5 26. Qxd5 cxd5 27. Rxc7 h6 28. Rc8+ Kh7 29. Rxa8 a4 30. b4 a3 31. b5 h5 32. b6 g5 33. b7 Bxe5 34. fxe5 Kg6 35. b8=R Kf5 36. Rxa3 Kxe5 37. Rd3 Ke4 38. Rd4+ Ke5 39. Rb6 f5 40. a4 f4 41. Rdb4 f3 42. Rd4 fxg2+ 43. Kxg2 h4 44. a5 h3+ 45. Kg1 g4 46. a6 g3 47. a7 gxh2+ 48. Kh1 Kf5 49. a8=R Kg5 50. Ra5 Kh5 51. Raxd5# 1-0

[Event "CYCC U10"]
[Site "Sault Ste Marie CAN"]
[Date "2017.07.06"]
[Round "1"]
[White "Parent, Etienne"]
[Black "Xu, Daniel"]
[Result "0-1"]
[WhiteElo "1039"]
[BlackElo "1941"]
[WhiteFideId "-1"]
[WhiteFideId "-1"]
[PlyCount "48"]
[GameId "2160767908344515"]
[EventDate "2017.07.06"]
[EventType "swiss"]
[EventRounds "7"]
[EventCountry "CAN"]
[SourceTitle "EXT 2022"]
[Source "ChessBase"]
[SourceDate "2021.10.06"]
[SourceVersion "1"]
[SourceVersionDate "2021.10.06"]
[SourceQuality "1"]

1. e4 e5 2. Nf3 Nc6 3. Bc4 Bc5 4. c3 Nf6 5. O-O O-O 6. d3 h6 7. Nbd2 d6 8. b4 Bb6 9. Bb2 Bd7 10. a4 a5 11. b5 Ne7 12. Ba2 Ng6 13. Ba3 Be6 14. Bxe6 fxe6 15. c4 Rf7 16. h3 Qd7 17. Bb2 Raf8 18. Qb3 Nh5 19. Qd1 Ngf4 20. g3 Nxg3 21. Nh4 Nxf1 22. Nxf1 Nxd3 23. Ba3 Rxf2 24. Kh1 Rd2 0-1

[Event "CYCC U10"]
[Site "Sault Ste Marie CAN"]
[Date "2017.07.06"]
[Round "1"]
[White "Ripley, Noah"]
[Black "Srinivas, Atharva"]
[Result "1-0"]
[WhiteElo "814"]
[BlackElo "1383"]
[WhiteFideId "-1"]
[WhiteFideId "-1"]
[PlyCount "153"]
[GameId "2160767908344516"]
[EventDate "2017.07.06"]
[EventType "swiss"]
[EventRounds "7"]
[EventCountry "CAN"]
[SourceTitle "EXT 2022"]
[Source "ChessBase"]
[SourceDate "2021.10.06"]
[SourceVersion "1"]
[SourceVersionDate "2021.10.06"]
[SourceQuality "1"]

1. d4 d5 2. Bf4 Nf6 3. e3 Bf5 4. Nf3 e6 5. c3 c6 6. Be2 Nbd7 7. Nbd2 Be7 8. Bf1 O-O 9. Ne5 Nxe5 10. dxe5 Ne4 11. Nxe4 Bxe4 12. f3 Bg6 13. Bd3 Bg5 14. Qd2 Bxf4 15. exf4 Qb6 16. O-O-O Rad8 17. g4 d4 18. f5 exf5 19. Bxf5 Qc5 20. Kb1 Bxf5+ 21. gxf5 Qxe5 22. Qd3 dxc3 23. Qxd8 Qxf5+ 24. Qd3 Qxd3+ 25. Rxd3 cxb2 26. Kxb2 h6 27. Rd7 Re8 28. Rhd1 Re2+ 29. R1d2 Re3 30. Rxb7 Rxf3 31. Rxa7 c5 32. Rc7 f5 33. Rxc5 f4 34. a4 Rf1 35. a5 f3 36. Rcc2 Re1 37. a6 Re7 38. Rf2 Ra7 39. Rc6 Rf7 40. Rc3 Ra7 41. Ra3 g5 42. Rfxf3 Kg7 43. Kc2 Kg6 44. Kd2 g4 45. Rg3 h5 46. h3 Kf5 47. hxg4+ hxg4 48. Ke2 Kf4 49. Kf2 Kf5 50. Rge3 Kf4 51. Re8 Kf5 52. Kg3 Kg5 53. Rg8+ Kf6 54. Kxg4 Ke6 55. Rd8 Ke7 56. Rd1 Ke6 57. Kf4 Rf7+ 58. Ke4 Ra7 59. Ke3 Ke5 60. Rd8 Ke6 61. Kd4 Ke7 62. Rd5 Ke6 63. Kc5 Rc7+ 64. Kd4 Ra7 65. Ra4 Ke7 66. Kc5 Ke6 67. Rd1 Ke5 68. Kb6 Re7 69. a7 Re6+ 70. Kb5 Re8 71. a8=Q Rxa8 72. Rxa8 Ke6 73. Re8+ Kf7 74. Re2 Kf6 75. Rf1+ Kg5 76. Rg2+ Kh4 77. Rh1# 1-0

[Event "CYCC U10"]
[Site "Sault Ste Marie CAN"]
[Date "2017.07.06"]
[Round "1"]
[White "Ripley, Sam"]
[Black "Huang, Youhe"]
[Result "0-1"]
[WhiteElo "876"]
[BlackElo "1448"]
[WhiteFideId "-1"]
[WhiteFideId "-1"]
[PlyCount "114"]
[GameId "2160767908344517"]
[EventDate "2017.07.06"]
[EventType "swiss"]
[EventRounds "7"]
[EventCountry "CAN"]
[SourceTitle "EXT 2022"]
[Source "ChessBase"]
[SourceDate "2021.10.06"]
[SourceVersion "1"]
[SourceVersionDate "2021.10.06"]
[SourceQuality "1"]

1. e4 e5 2. Nf3 Nc6 3. Bc4 Bc5 4. d3 Nf6 5. c3 d6 6. h3 a6 7. Bb3 Ba7 8. O-O O-O 9. Re1 h6 10. Nbd2 Ne7 11. Nh4 Be6 12. Qf3 Qc8 13. Nf1 Nh7 14. Qg3 Bxb3 15. Bxh6 g5 16. Bxf8 Kxf8 17. axb3 Qe6 18. Nf3 Qxb3 19. Rab1 Qc2 20. Red1 f5 21. Ne3 Bxe3 22. fxe3 f4 23. exf4 exf4 24. Qg4 Qe2 25. Nxg5 Qe3+ 26. Kh2 Qg3+ 27. Qxg3 fxg3+ 28. Kxg3 Nxg5 29. Kg4 Ne6 30. Rf1+ Kg7 31. Rf2 Rf8 32. Rxf8 Kxf8 33. Rf1+ Kg7 34. h4 Nc5 35. Rf3 Ng6 36. Kh5 Nxd3 37. Rxd3 Nf4+ 38. Kg5 Nxd3 39. h5 Nxb2 40. h6+ Kh7 41. g4 Nd3 42. Kf6 Kxh6 43. g5+ Kh7 44. Kf7 Ne5+ 45. Ke6 a5 46. Kd5 a4 47. c4 a3 48. c5 a2 49. cxd6 cxd6 50. Kxd6 a1=Q 51. Kc7 Qa6 52. Kb8 Qd6+ 53. Kxb7 Qc6+ 54. Ka7 Nd7 55. g6+ Kh6 56. g7 Qb6+ 57. Ka8 Qa6# 0-1

[Event "CYCC U10"]
[Site "Sault Ste Marie CAN"]
[Date "2017.07.06"]
[Round "1"]
[White "Sharma, Vishruth"]
[Black "Wang, Yinan"]
[Result "1-0"]
[WhiteElo "1719"]
[BlackElo "952"]
[WhiteFideId "-1"]
[WhiteFideId "-1"]
[PlyCount "114"]
[GameId "2160767908344518"]
[EventDate "2017.07.06"]
[EventType "swiss"]
[EventRounds "7"]
[EventCountry "CAN"]
[SourceTitle "EXT 2022"]
[Source "ChessBase"]
[SourceDate "2021.10.06"]
[SourceVersion "1"]
[SourceVersionDate "2021.10.06"]
[SourceQuality "1"]

1. e4 d5 2. exd5 Qxd5 3. Nc3 Qe5+ 4. Be2 Nf6 5. Nf3 Qd6 6. d4 Bf5 7. O-O Nc6 8. Nb5 Qd7 9. Bf4 Nd5 10. Bg3 a6 11. Nc3 Nxc3 12. bxc3 O-O-O 13. Qd2 e6 14. Bd3 Bxd3 15. Qxd3 Ba3 16. Rfd1 Qd5 17. Rab1 Bd6 18. Bxd6 Rxd6 19. c4 Qf5 20. Qxf5 exf5 21. d5 Ne7 22. Ne5 Rf8 23. Rd3 f6 24. Nf3 Ng6 25. c5 Rd7 26. d6 Ne5 27. Nxe5 fxe5 28. Rbd1 Rfd8 29. Kf1 cxd6 30. cxd6 b5 31. a4 Kb7 32. axb5 axb5 33. Rd5 Kc6 34. Rxe5 g6 35. Ke2 Rxd6 36. Rxd6+ Rxd6 37. Re3 Kc5 38. Rb3 Kc4 39. Ke3 h5 40. f4 b4 41. g3 Rd5 42. Ke2 Rd7 43. Re3 Ra7 44. Kd2 Ra3 45. Re6 Ra2 46. Kc1 Ra1+ 47. Kb2 Rh1 48. Rxg6 Rxh2 49. Rg5 b3 50. Rg8 Rxc2+ 51. Kb1 Kd3 52. Rb8 b2 53. Rd8+ Ke2 54. Kxc2 Kf3 55. Rd3+ Kg4 56. Kxb2 h4 57. gxh4 Kxf4 1-0

[Event "CYCC U10"]
[Site "Sault Ste Marie CAN"]
[Date "2017.07.06"]
[Round "1"]
[White "Vo, Peter"]
[Black "He, Shukun"]
[Result "1/2-1/2"]
[WhiteElo "1362"]
[BlackElo "812"]
[WhiteFideId "-1"]
[WhiteFideId "-1"]
[PlyCount "42"]
[GameId "2160767908344519"]
[EventDate "2017.07.06"]
[EventType "swiss"]
[EventRounds "7"]
[EventCountry "CAN"]
[SourceTitle "EXT 2022"]
[Source "ChessBase"]
[SourceDate "2021.10.06"]
[SourceVersion "1"]
[SourceVersionDate "2021.10.06"]
[SourceQuality "1"]

1. e4 e5 2. Nf3 Nc6 3. Bb5 d6 4. O-O Bg4 5. h3 Bh5 6. c3 a6 7. Ba4 b5 8. Bc2 Nf6 9. Re1 Be7 10. d3 O-O 11. Nbd2 Qd7 12. Nf1 Rfe8 13. Ng3 Bg6 14. d4 Rad8 15. dxe5 dxe5 16. Qxd7 Rxd7 17. Bg5 h6 18. Bxf6 Bxf6 19. Rad1 Rxd1 20. Bxd1 Kf8 21. Kf1 Ke7 1/2-1/2

[Event "CYCC U10"]
[Site "Sault Ste Marie CAN"]
[Date "2017.07.06"]
[Round "1"]
[White "Wang, Daniel Z"]
[Black "Ghazarian, Tigran"]
[Result "0-1"]
[WhiteElo "980"]
[BlackElo "1825"]
[WhiteFideId "-1"]
[WhiteFideId "-1"]
[PlyCount "112"]
[GameId "2160767908344521"]
[EventDate "2017.07.06"]
[EventType "swiss"]
[EventRounds "7"]
[EventCountry "CAN"]

1. e4 c5 2. c3 Nf6 3. e5 Nd5 4. d4 cxd4 5. cxd4 Nc6 6. Nf3 d6 7. Bc4 Nb6 8. Bb5 a6 9. Bxc6+ bxc6 10. exd6 Qxd6 11. O-O g6 12. Be3 Bg7 13. Nc3 O-O 14. Rc1 Rd8 15. Qd2 Bg4 16. Ne1 Bxd4 17. Bxd4 Qxd4 18. Qxd4 Rxd4 19. f3 Bf5 20. Ne2 Rc4 21. Rxc4 Nxc4 22. Nd4 Bd7 23. Nd3 e5 24. Ne2 Bf5 25. Nb4 c5 26. Nc6 Nxb2 27. Nxe5 Re8 28. f4 f6 29. Ng3 fxe5 30. fxe5 Rxe5 31. Nxf5 Rxf5 32. Rxf5 gxf5 33. Kf2 Kf7 34. Ke2 Ke6 35. Kd2 Kd5 36. Kc3 Nc4 37. a4 Ne3 38. g3 Nf1 39. h4 Nxg3 40. Kd3 c4+ 41. Ke3 f4+ 42. Kxf4 c3 43. Ke3 Kc4 44. Kf3 c2 45. Kxg3 c1=Q 46. Kf3 Qa3+ 47. Kf4 Qxa4 48. Kg5 Qc6 49. h5 a5 50. h6 a4 51. Kh5 a3 52. Kg5 a2 53. Kh5 a1=Q 54. Kg5 Qe5+ 55. Kg4 Qg2+ 56. Kh4 Qeg5# 0-1

[Event "CYCC U10"]
[Site "Sault Ste Marie CAN"]
[Date "2017.07.06"]
[Round "1"]
[White "Wu, Stanley"]
[Black "Liu, Henry"]
[Result "0-1"]
[WhiteElo "928"]
[BlackElo "1547"]
[WhiteFideId "-1"]
[WhiteFideId "-1"]
[PlyCount "64"]
[GameId "2160767908344522"]
[EventDate "2017.07.06"]
[EventType "swiss"]
[EventRounds "7"]
[EventCountry "CAN"]
[SourceTitle "EXT 2022"]
[Source "ChessBase"]
[SourceDate "2021.10.06"]
[SourceVersion "1"]
[SourceVersionDate "2021.10.06"]
[SourceQuality "1"]

1. e4 e6 2. d4 d5 3. Nc3 Nf6 4. Bg5 Be7 5. Bxf6 Bxf6 6. e5 Be7 7. Nf3 c5 8. Be2 O-O 9. O-O Nc6 10. Re1 cxd4 11. Nxd4 Nxe5 12. f4 Nc6 13. Nxc6 bxc6 14. Bf3 Qb6+ 15. Kf1 Ba6+ 16. Be2 Bxe2+ 17. Rxe2 Qxb2 18. Na4 Qf6 19. g3 Bd6 20. Rf2 Qd8 21. Qd4 Qa5 22. Nb2 Bc5 23. Qd2 Qb5+ 24. c4 dxc4 25. Rf3 c3+ 26. Qd3 Qxb2 27. Qxc3 Qxc3 28. Rxc3 Bd4 29. Rcc1 Bxa1 30. Rxa1 Rfd8 31. Rc1 Rac8 32. Ke2 h6 0-1